| 000 | 00465 a2200157 4500 | ||
|---|---|---|---|
| 001 | 73938 | ||
| 082 | _a629.13238 HIL | ||
| 090 |
_c39031 _d39031 |
||
| 100 | _aPeterson, Carl R. ; Philip G Hill | ||
| 245 |
_aMechanics and thermodynamics of propulsion, 2nd Ed _cCarl R. Peterson ; Philip G Hill |
||
| 250 | _a2 | ||
| 260 |
_aNY _bAddison Wisley, NY _c1992 |
||
| 300 |
_axii, 765 p. _bphotocopy |
||
| 500 | _aBE textbook Aerospace | ||
| 600 | _aPhillip G Hill | ||
| 942 |
_aNUST-CAE _k629.13238 HIL |
||
| 999 |
_c309011 _d309011 |
||